Actos de Palabra y Derecho.

Salvato in:
Dettagli Bibliografici
Autore principale: Castresana, Amelia (autora)
Natura: Libro
Pubblicazione: Salamanca, España: Ratio Legis, 2007.
Soggetti:
Tags: Aggiungi Tag
Nessun Tag, puoi essere il primo ad aggiungerne!!

MARC

LEADER 00000nam a22000007a 4500
003 CL-VaPUC
005 20250108104738.0
008 220630t2007 ||||| |||| 00| 0 eng d
999 |c 436548  |d 436546 
020 |a 978-84-935-300-9-9 
040 |c Pontificia Universidad Católica de Valparaíso 
082 7 |a 340.54014 CAS 2007  |2 22 
100 1 |a Castresana, Amelia   |e autora  |9 871874 
245 |a Actos de Palabra y Derecho. 
260 |a Salamanca, España:  |b Ratio Legis,   |c 2007. 
300 |a 167 páginas. 
500 |a c.1 Donación Familia Prof. Alejandro Guzmán Brito. 
583 |c 20220630  |k Catalogador Asistente 
650 |a Derecho romano   |x Lengua   |9 872012 
650 0 |a Actos jurídicos  |9 255748 
650 |a Bilateralidad verbal   |9 872013 
650 |a Teoría de la comunicación   |9 260752 
650 |a Oralidad primaria   |9 872014 
942 |2 ddc  |c BK  |n 0 
952 |0 0  |1 0  |2 ddc  |4 0  |6 340_540140000000000_CAS_2007  |7 1  |8 C_AGB  |9 584225  |a BIBDER  |b BIBDER  |d 2022-06-30  |e Donación  |i 5652379  |o 340.54014 CAS 2007  |p 5652379  |r 2023-01-25  |t 1  |w 2022-06-30  |y BK_US  |k AGB